000 00716cam a2200193 a 4500
999 _c4673
_d4673
020 _a0735544697
020 _a9780735544697
050 0 0 _aKF8841
_b.E524
100 1 _aEmanuel, Steven.
245 1 0 _aCivil procedure /
_cSteven L. Emanuel.
250 _a2nd ed.
260 _aNew York :
_bAspen Publishers,
_cc2003.
300 _avii, 293 p. :
_bill. ;
_c26 cm.
440 4 _aThe CrunchTime series
500 _aIncludes index.
505 _aFlow charts & tables -- Capsule summary -- Exam tips -- Short-answer questions -- Answers to short-answer questions -- Multiple-choice questions -- Answers to multiple choice questions -- Essay exam questions & answers.
650 0 _aCivil procedure
942 _cBK